00670nam a22002291a 450000100060000000300080000600500170001400800410003102000150007203500190008704000350010604100080014108200260014910000230017524500960019825000120029426000430030630000290034950000190037865000220039770000210041968414BD-RjUL20211209081754.0170403s2012 ii p|||| |||| 001 0 eng d a8186793526 a(BD-RjUL)68624 aBD-RjULbengcBD-RjULdBD-RjUL aeng 223a616.042bDAE 20121 a Datta, Asim Kumar10aEssentials of medical genetics /cAsim Kumar Datta and in collaboration with Biju C. Mathew a4th ed. aKolkata :bA. R. K. Publicationcc2012 a161 p. :bill. ;c24 cm. aIncludes index aMedical genetics. a Mathew, Biju C.